| 000 | 00447nam a22001697a 4500 | ||
|---|---|---|---|
| 005 | 20180206163159.0 | ||
| 008 | 160625b xxu||||| |||| 00| 0 eng d | ||
| 020 | _a81-85015-61-9 | ||
| 041 | _aeng | ||
| 082 |
_b10301 _a005.453 |
||
| 100 |
_aAho, Alfred V and Ullman Jeffrey D _94114 |
||
| 245 | _aPrinciples of Compiler Design | ||
| 260 |
_bNarosa Publishing House _c2002 _anew delhi |
||
| 300 | _a569 | ||
| 650 |
_aManagement _9241 |
||
| 942 | _cBK | ||
| 999 |
_c4065 _d4064 |
||